Mountains by Country - Statistics

General Stats
  • This quiz has been taken 81,869 times
    75,024 since last reset
  • The average score is 13 of 22
Answer Stats
Mountain Country % Correct
Mt. Fuji Japan
98%
Mt. Everest Nepal / China
97%
Mt. Vesuvius Italy
93%
Mt. Olympus Greece
90%
Mt. Kilimanjaro Tanzania
80%
Eyjafjallajökull Iceland
78%
Denali United States
76%
Aoraki / Mt. Cook New Zealand
68%
Mt. Sinai Egypt
63%
Krakatoa Indonesia
62%
Mt. Ararat Turkey
58%
Ben Nevis United Kingdom
55%
Mt. Elbrus Russia
50%
Popocatepetl Mexico
48%
Aconcagua Argentina
46%
Table Mountain South Africa
46%
Mount of Olives Israel
44%
Blackcomb Peak Canada
33%
Mt. Pinatubo Philippines
30%
Mt. Kosciuszko Australia
26%
Mt. Teide Spain
20%
Arenal Volcano Costa Rica
15%
No matching quizzes found
Score Distribution
Percent of People with Each Score
Percentile by Number Answered
Your Score History
You have not taken this quiz since the last reset